| 000 | 01110cam a22002531i 4500 | ||
|---|---|---|---|
| 003 | SA-RiAUC | ||
| 005 | 20250611075551.0 | ||
| 008 | 250610s2012 su g 000 0dara c | ||
| 040 |
_aSA-JeALM _bara _cSA-RiAUC. _erda |
||
| 082 | 0 | 4 |
_a247.5 _qSA-RiAUC |
| 090 |
_a247.5 _bص ف ا |
||
| 100 | 1 |
_aالصفار، حسن موسى، _d1377 هجري- _eمؤلف. |
|
| 245 | 1 | 2 |
_aالسياسة النبوية ودولة اللاعنف / _cتأليف حسن بن موسى الصفار. |
| 250 | _aالطبعة الثانية. | ||
| 264 | 1 |
_aالقطيف، السعودية : _bأطياف للنشر : _bالعارف للمطبوعات، _c2006 |
|
| 300 |
_a143 صفحة ؛ _c20 سم |
||
| 336 |
_aنص _btxt _2rdacontent _3كتاب |
||
| 337 |
_aبدون وسيط _bn _2rdamedia |
||
| 338 |
_aمجلد _bnc _2rdacarrier |
||
| 600 | 0 | 7 |
_aمحمد (صلى الله عليه وسلم)، _d53 قبل الهجرة-11 هجري _xآراء سياسية واجتماعية _2aucnm |
| 650 | 7 |
_aالنظام السياسي في الإسلام (شيعة) _2aucsh |
|
| 942 |
_2ddc _cBOOK _n0 |
||
| 949 |
_aSA-JeALM _d250610 _uosman123 _n1 |
||
| 999 |
_c8812 _d8812 |
||